000 01044cam a2200361 i 4500
001 0000515
003 DO-SdBNP
005 20240610115557.0
007 0000515
008 100514s 2011 sp | 000 f spa
015 _a
017 _a
_b
020 _a9788466315425
035 _a
040 _aBPMSU
_bspa
_cBPMSU
_e
080 _a
082 4 _a869.342
_bS243e 2011
_222
100 1 _aSaramago, José
_d1922-2010
_946
245 1 3 _aEl evangelio según Jesucristo /
_cJosé Saramago ; traducción Basilio Losada
_h
250 _a2a. ed.
260 _aMadrid :
_bSantillana ediciones generales,
_c2011.
300 _a492 p. ;
_c19 cm
490 0 _aPunto de lectura
500 _aIncluye datos biográficos del autor.
586 _aPremio Nobel de literatura 1998.
590 _aInventariado, 2025/VM
650 4 _aDios
_vNovela
650 4 _aReligiones
_vNovela.
650 4 _aNovela portuguesa
700 1 _aLosada, Basilio
_etraductor
_d1930-
910 _aVMateo V. Control de calidad BPMSU
942 _2ddc
_cBK
999 _c10794
_d10794